000 00544nam a22001577a 4500
999 _c61476
_d61476
005 20240318164319.0
008 240318s1975 ru ||||| |||| 00| 0 rus d
041 _arus
080 _a355 K-83
100 _a Кроссер, Пол
_921457
245 _aДиалектика военной техники и ее последствия /
_cПол Кроссер.
264 _aМосква :
_bПрогресс,
_c1975.
300 _a198 с.
_b20 см.
653 _aსამხედრო ტექნიკა
942 _2udc
_cᲬᲘᲒᲜᲘ